[Event "Faxe Dags EMT 2013"]
[Site "Faxe"]
[Date "2013.04.03"]
[Round "1"]
[White "Brinkhard, Anders"]
[Black "Pedersen, Hans Dahl"]
[Result "0-1"]
[WhiteElo "1518"]
[BlackElo "2133"]
[PlyCount "100"]
[EventDate "2013.??.??"]

1. Nf3 d5 2. c3 Nf6 3. d4 c6 4. h3 Bf5 5. Bf4 e6 6. e3 Bd6 7. Bxd6 Qxd6 8. Nbd2
Nbd7 9. Be2 O-O 10. O-O h6 11. Re1 Bh7 12. Rc1 Rfe8 13. c4 Rad8 14. Qb3 Rb8 15.
cxd5 exd5 16. Qd1 Re7 17. Nb3 Rbe8 18. Nc5 Nxc5 19. Rxc5 Ne4 20. Rc1 f6 21. a3
a5 22. Bd3 Kh8 23. Bxe4 Bxe4 24. Nd2 Bf5 25. Nf1 Bc8 26. Qd2 Qd8 27. Ng3 f5 28.
b4 axb4 29. axb4 Qd6 30. Qc3 Bd7 31. Ne2 g5 32. Ng3 Qg6 33. Qd3 Kh7 34. Qd2 Rg8
35. f3 Rge8 36. Kf2 h5 37. f4 gxf4 38. exf4 Rg7 39. Re3 h4 40. Nf1 Qxg2+ 41.
Ke1 Qxd2+ 42. Kxd2 Rg2+ 43. Kd3 Re4 44. Rxe4 fxe4+ 45. Ke3 Bxh3 46. Nd2 Bd7 47.
Rh1 h3 48. Nb1 Rb2 49. Nd2 Rxb4 50. Nxe4 Rb3+ 0-1

[Event "Faxe Dags EMT 2013"]
[Site "Faxe"]
[Date "2013.04.03"]
[Round "1"]
[White "Jensen, Leif"]
[Black "Wehlast, Svend Erik"]
[Result "1-0"]
[WhiteElo "1984"]
[BlackElo "1498"]
[PlyCount "81"]
[EventDate "2013.??.??"]

1. e4 e6 2. d4 d5 3. Nd2 Nf6 4. e5 Nfd7 5. c3 c5 6. f4 Be7 7. g3 O-O 8. Ndf3
Nc6 9. Kf2 f5 10. h4 Rf7 11. Ng5 Bxg5 12. hxg5 g6 13. Be3 c4 14. Nf3 b5 15. g4
Nf8 16. gxf5 Rxf5 17. Kg3 a5 18. b3 a4 19. Rh2 Bd7 20. bxc4 bxc4 21. Bc1 a3 22.
Rb1 Qa5 23. Qc2 Rf7 24. Be2 Nd8 25. Rh1 Nc6 26. Bd2 Be8 27. Nh4 Raa7 28. Nf3
Bd7 29. Nh2 Be8 30. Ng4 Rfb7 31. Nf6+ Kf7 32. Nxh7 Rxb1 33. Qxb1 Nxd4 34. Bg4
Nf5+ 35. Bxf5 gxf5 36. Nxf8 Kxf8 37. Rh8+ Ke7 38. Qb8 Ra8 39. Qd6+ Kf7 40. Qf8+
Kg6 41. Qf6# 1-0

[Event "Faxe Dags EMT 2013"]
[Site "Faxe"]
[Date "2013.04.03"]
[Round "1"]
[White "Hansen, Borge"]
[Black "Andersen, Bjarne Hjorth"]
[Result "0-1"]
[WhiteElo "1478"]
[BlackElo "1950"]
[PlyCount "98"]
[EventDate "2013.??.??"]

1. d4 Nf6 2. c4 g6 3. e3 Bg7 4. Nc3 O-O 5. Nf3 d5 6. Be2 c5 7. Bd2 cxd4 8. Nxd4
a6 9. O-O dxc4 10. Bxc4 b5 11. Be2 e5 12. Nf3 Nc6 13. a3 Bf5 14. Nh4 Bd3 15.
Bxd3 Qxd3 16. Qe2 Rad8 17. Qxd3 Rxd3 18. Rfd1 Rfd8 19. Be1 Na5 20. Rxd3 Rxd3
21. Rd1 Rxd1 22. Nxd1 Nc4 23. Nf3 Nd5 24. Nd2 Nd6 25. Nb1 e4 26. Nbc3 Nxc3 27.
Bxc3 Nc4 28. Bxg7 Kxg7 29. Kf1 f5 30. Ke2 Kf6 31. f3 Ke7 32. h3 h5 33. fxe4
fxe4 34. Kf2 h4 35. g4 Kd6 36. Ke2 Kc5 37. Kf2 b4 38. axb4+ Kxb4 39. Nc3 Nxb2
40. Nxe4 a5 41. Nd2 a4 42. Nb1 Nc4 43. Ke2 a3 44. Nxa3 Kxa3 45. Kd3 Ne5+ 46.
Ke4 Nxg4 47. hxg4 g5 48. Kf3 Kb4 49. e4 Kc5 0-1

[Event "Faxe Dags EMT 2013"]
[Site "Faxe"]
[Date "2013.04.03"]
[Round "1"]
[White "Christensen, Lars (1957)"]
[Black "Christoffersen, Ib"]
[Result "1-0"]
[WhiteElo "1936"]
[BlackElo "1441"]
[PlyCount "33"]
[EventDate "2013.??.??"]

1. e4 e5 2. f4 Nc6 3. Nf3 d6 4. Bc4 Qf6 5. O-O Be6 6. fxe5 dxe5 7. Nd4 Qe7 8.
Bxe6 fxe6 9. Nxc6 Qc5+ 10. d4 Qxc6 11. Qh5+ Kd7 12. Qxe5 Re8 13. Bg5 Ne7 14.
Nc3 Ng6 15. Rf7+ Kc8 16. Qa5 a6 17. Nb5 1-0

[Event "Faxe Dags EMT 2013"]
[Site "Faxe"]
[Date "2013.04.03"]
[Round "1"]
[White "Rasmussen, Frede"]
[Black "Petersen, Bent"]
[Result "0-1"]
[WhiteElo "1441"]
[BlackElo "1905"]
[PlyCount "110"]
[EventDate "2013.??.??"]

1. d4 Nf6 2. Bf4 d5 3. e3 e6 4. Bd3 c5 5. Bb5+ Nc6 6. c3 Be7 7. h3 O-O 8. Bxc6
bxc6 9. Ne2 cxd4 10. exd4 Qb6 11. Qc2 Ba6 12. O-O Rac8 13. b4 Bc4 14. Re1 a5
15. a3 Qa6 16. bxa5 Ra8 17. Nc1 Qxa5 18. Nd2 Qa4 19. Qb2 Qb5 20. Nxc4 dxc4 21.
Qc2 Rxa3 22. Ne2 Nd5 23. Rxa3 Bxa3 24. Rb1 Qa6 25. Ra1 Nxf4 26. Nxf4 Ra8 27.
Ne2 g6 28. g4 Rb8 29. Qe4 Rb3 30. Qe5 Qb5 31. Kg2 Qd5+ 32. f3 Qxe5 33. dxe5 Be7
34. Kf2 Bc5+ 35. Ke1 Be3 36. Kd1 c5 37. Ng3 Rxc3 38. Ra8+ Kg7 39. Ne4 Rc1+ 40.
Ke2 Bd4 41. Ra7 Bxe5 42. Nxc5 Bb2 43. Ne4 Bd4 44. Rc7 h6 45. h4 Be5 46. Rc5 Bf4
47. g5 hxg5 48. Nxg5 Bxg5 49. hxg5 Rc2+ 50. Ke3 Kf8 51. Rc7 Ke8 52. f4 c3 53.
Kd4 Rc1 54. Ke5 c2 55. Kf6 Rf1 0-1

[Event "Faxe Dags EMT 2013"]
[Site "Faxe"]
[Date "2013.04.03"]
[Round "1"]
[White "Lindskov, Villy"]
[Black "Nielsen, Flemming"]
[Result "1-0"]
[WhiteElo "1785"]
[BlackElo "1361"]
[PlyCount "47"]
[EventDate "2013.??.??"]

1. e4 e5 2. f4 exf4 3. Nf3 Nc6 4. Bc4 Bc5 5. d4 Bb6 6. Bxf4 Nf6 7. e5 Ne4 8.
Bd5 g5 9. Be3 g4 10. Bxe4 gxf3 11. Qxf3 d6 12. O-O Be6 13. Bxc6+ bxc6 14. Qxc6+
Bd7 15. Qf3 O-O 16. Qh5 Qe7 17. c3 Kh8 18. Bg5 f6 19. exf6 Bb5 20. Nd2 Qe6 21.
Rae1 Qxa2 22. Re7 Bd3 23. f7 Rxf7 24. Rfxf7 1-0

[Event "Faxe Dags EMT 2013"]
[Site "Faxe"]
[Date "2013.04.03"]
[Round "1"]
[White "Refsgaard, Kaj"]
[Black "Jakobsen, Henning"]
[Result "1-0"]
[WhiteElo "1629"]
[BlackElo "1295"]
[PlyCount "49"]
[EventDate "2013.??.??"]

1. Nf3 d6 2. g3 Nf6 3. Bg2 Nc6 4. O-O g6 5. c4 Bg7 6. d4 O-O 7. d5 Ne5 8. Nxe5
dxe5 9. Nc3 Nd7 10. e4 Nb6 11. b3 e6 12. c5 Nd7 13. dxe6 Nxc5 14. exf7+ Kxf7
15. Qc2 Be6 16. Be3 Qe7 17. Nd5 Bxd5 18. Bxc5 Bxe4 19. Bxe4 Qe6 20. Bxf8 Rxf8
21. Qxc7+ Kg8 22. Qxb7 Qg4 23. Rad1 Kh8 24. Rd7 Bf6 25. Rxh7+ 1-0

[Event "Faxe Dags EMT 2013"]
[Site "Faxe"]
[Date "2013.04.03"]
[Round "1"]
[White "Hansen, Arne Mandrup"]
[Black "Eckert, Svend"]
[Result "0-1"]
[WhiteElo "1276"]
[BlackElo "1614"]
[PlyCount "50"]
[EventDate "2013.??.??"]

1. d4 Nf6 2. c4 e5 3. dxe5 Ne4 4. Nf3 d6 5. e3 Bf5 6. Nc3 Nxc3 7. bxc3 Nc6 8.
Bd3 Bg4 9. Be2 dxe5 10. Nd2 Be6 11. O-O Bd6 12. Ne4 Be7 13. Nd2 O-O 14. Qc2 f5
15. e4 f4 16. f3 Rf6 17. Rd1 Bc5+ 18. Kh1 Rg6 19. Nf1 Qh4 20. Bd3 Bf2 21. Rd2
Bg3 22. Re2 Rh6 23. h3 Bxh3 24. gxh3 Qxh3+ 25. Nh2 Qf1# 0-1

[Event "Faxe Dags EMT 2013"]
[Site "Faxe"]
[Date "2013.04.03"]
[Round "1"]
[White "Strandsbjerg, Jens"]
[Black "Toftvang, Ove"]
[Result "1-0"]
[WhiteElo "1612"]
[BlackElo "1255"]
[PlyCount "75"]
[EventDate "2013.??.??"]

1. d4 Nf6 2. c4 c6 3. Nc3 e6 4. Bg5 Be7 5. Nf3 h6 6. Bf4 d6 7. h3 O-O 8. e3 Nh7
9. Bd3 f5 10. O-O b6 11. Qc2 a6 12. Bh2 Qe8 13. Ne2 Ng5 14. Nxg5 Bxg5 15. Bxd6
Rf7 16. c5 b5 17. f4 Bf6 18. Ng3 Bh4 19. Nh1 a5 20. a3 Rb7 21. b3 Qg6 22. Rf3
Nd7 23. g3 Nf6 24. Qg2 Bg5 25. fxg5 hxg5 26. g4 Ne4 27. gxf5 exf5 28. Bxe4 fxe4
29. Rf8+ Kh7 30. Ng3 Rf7 31. Rxf7 Qxf7 32. Qxe4+ g6 33. Rf1 Qe6 34. Qf3 Ra7 35.
Ne4 Kh6 36. Qf8+ Rg7 37. Qh8+ Rh7 38. Bf8+ 1-0

[Event "Faxe Dags EMT 2013"]
[Site "Faxe"]
[Date "2013.04.03"]
[Round "1"]
[White "Andersen, Hans Poul"]
[Black "Hansen, Aage"]
[Result "0-1"]
[WhiteElo "1236"]
[BlackElo "1606"]
[PlyCount "80"]
[EventDate "2013.??.??"]

1. e4 e6 2. Bc4 d5 3. exd5 exd5 4. Qe2+ Be7 5. Bb3 Nf6 6. d3 O-O 7. Nf3 Bb4+ 8.
Bd2 Re8 9. Ne5 Bxd2+ 10. Nxd2 Nc6 11. Ndf3 Bg4 12. Qd2 Bxf3 13. gxf3 Nxe5 14.
O-O-O Nxf3 15. Qf4 Ne5 16. Rhg1 Ng6 17. Qg3 a5 18. h4 Nh5 19. Qg4 c6 20. Qxh5
Qxh4 21. Rh1 Qxh5 22. Rxh5 a4 23. Bxd5 cxd5 24. Rxd5 Re2 25. Rd4 Rxf2 26. Rd7
b5 27. Rb7 Rc8 28. c3 a3 29. Rxb5 axb2+ 30. Rxb2 Rxc3+ 31. Kb1 Rf3 32. d4 h5
33. d5 Rcd3 34. Rbd2 Rxd2 35. Rxd2 Ne5 36. d6 Nd7 37. Kb2 h4 38. a4 Rf5 39. Rh2
g5 40. Re2 Rd5 0-1

[Event "Faxe Dags EMT 2013"]
[Site "Faxe"]
[Date "2013.04.03"]
[Round "1"]
[White "Sorensen, Lindved"]
[Black "Eriksen, Knud Ejler"]
[Result "1-0"]
[WhiteElo "1522"]
[BlackElo "1203"]
[PlyCount "59"]
[EventDate "2013.??.??"]

1. Nf3 Nc6 2. c4 Nf6 3. g3 e6 4. Bg2 Bb4 5. a3 Be7 6. O-O d6 7. b4 a6 8. Nc3
Bd7 9. Bb2 O-O 10. Rc1 Rb8 11. b5 Na7 12. a4 c6 13. Qb3 axb5 14. cxb5 cxb5 15.
Nxb5 Nxb5 16. axb5 Qe8 17. Rc7 Bxb5 18. Rxe7 Qc6 19. Nd4 Qc8 20. Qxb5 Qd8 21.
Rxb7 Rc8 22. Nc6 Qe8 23. Ne7+ Kh8 24. Nxc8 Qxc8 25. Rc1 Qd8 26. Qg5 h6 27. Bxf6
gxf6 28. Qxh6+ Kg8 29. Rc4 f5 30. Rh4 1-0

[Event "Faxe Dags EMT 2013"]
[Site "Faxe"]
[Date "2013.04.03"]
[Round "1"]
[White "Andersen, Hans E"]
[Black "Kjeldgaard, Lennart"]
[Result "1-0"]
[WhiteElo "1417"]
[BlackElo "1524"]
[PlyCount "73"]
[EventDate "2013.??.??"]

1. Nc3 d5 2. d4 Bf5 3. Bf4 Nc6 4. e3 a6 5. h3 e6 6. a3 Bd6 7. Bxd6 Qxd6 8. Nf3
Nge7 9. Nh4 O-O-O 10. Nxf5 Nxf5 11. Bd3 Nfe7 12. Na4 Kb8 13. Nc5 e5 14. c3 exd4
15. cxd4 Nc8 16. Qb3 Na5 17. Qa4 Qb6 18. Nd7+ Rxd7 19. Qxd7 Qxb2 20. O-O Qc3
21. Rfc1 Qxd3 22. Qxc7+ Ka8 23. Qxa5 Qf5 24. Rc7 Nd6 25. Qc5 Qe6 26. Qb4 Rb8
27. a4 Nc4 28. Rc1 Nb6 29. Rb1 Nd7 30. Rxb7 Rc8 31. Rxd7 Qc6 32. Qb7+ Qxb7 33.
Rbxb7 Rc1+ 34. Kh2 Rc2 35. Kg3 Rc6 36. Rxf7 Rg6+ 37. Kh2 1-0

[Event "Faxe Dags EMT 2013"]
[Site "Faxe"]
[Date "2013.04.10"]
[Round "2"]
[White "Christoffersen, Per"]
[Black "Jensen, Leif"]
[Result "0-1"]
[WhiteElo "1646"]
[BlackElo "1984"]
[PlyCount "98"]
[EventDate "2013.??.??"]

1. d4 d5 2. Nf3 c6 3. e3 Bf5 4. c4 e6 5. Bd3 Bg6 6. Nc3 Nf6 7. O-O Nbd7 8. cxd5
exd5 9. Ne5 Bd6 10. f4 Bxd3 11. Qxd3 Qe7 12. Qf5 Nb6 13. b3 Nfd7 14. a4 g6 15.
Qd3 f6 16. Nf3 f5 17. Bd2 Nf6 18. Be1 Ne4 19. Ne5 Nd7 20. Nxd7 Qxd7 21. Nxe4
dxe4 22. Qc3 O-O 23. Bh4 Qe6 24. Bg5 Rac8 25. Bh6 Rf7 26. b4 a6 27. Rac1 Qd5
28. Rc2 Rfc7 29. Rfc1 Re8 30. Qc4 Qxc4 31. Rxc4 Rec8 32. a5 Kf7 33. Bg5 Ke6 34.
Kf2 Kd5 35. Bf6 Ke6 36. Be5 Bxe5 37. fxe5 Rd7 38. Ke2 Rg8 39. Rf1 Rf7 40. g3 g5
41. Rc5 Rgf8 42. Rcc1 f4 43. exf4 gxf4 44. gxf4 Rxf4 45. Rxf4 Rxf4 46. Rf1 Rh4
47. Ke3 Kd5 48. Rf7 Rh3+ 49. Kf4 Rf3+ 0-1

[Event "Faxe Dags EMT 2013"]
[Site "Faxe"]
[Date "2013.04.22"]
[Round "2"]
[White "Andersen, Bjarne Hjorth"]
[Black "Strandsbjerg, Jens"]
[Result "1-0"]
[WhiteElo "1950"]
[BlackElo "1612"]
[PlyCount "53"]
[EventDate "2013.??.??"]

1. e4 e6 2. d4 d5 3. Nd2 Nf6 4. Bd3 c5 5. e5 Nfd7 6. c3 cxd4 7. cxd4 Nc6 8. Ne2
Qb6 9. Nb3 Be7 10. O-O f6 11. Be3 fxe5 12. dxe5 Qd8 13. f4 O-O 14. Ned4 Nxd4
15. Nxd4 Bc5 16. Qh5 h6 17. Rf3 Nf6 18. exf6 Qxf6 19. Qe5 Qe7 20. Nb3 Bd6 21.
Qh5 Bd7 22. Rg3 Qf6 23. Bd4 e5 24. Bxe5 Bxe5 25. Qxe5 Bc6 26. Qxf6 Rxf6 27. f5
1-0

[Event "Faxe Dags EMT 2013"]
[Site "Faxe"]
[Date "2013.04.10"]
[Round "2"]
[White "Eckert, Svend"]
[Black "Christensen, Lars (1957)"]
[Result "0-1"]
[WhiteElo "1614"]
[BlackElo "1936"]
[PlyCount "78"]
[EventDate "2013.??.??"]

1. c4 c6 2. d4 d5 3. e3 e6 4. a3 Nf6 5. Nc3 Nbd7 6. c5 e5 7. b4 b6 8. Bd3 e4 9.
Bb1 a5 10. Bb2 g6 11. Nge2 Bh6 12. O-O axb4 13. axb4 Rxa1 14. Bxa1 b5 15. Ng3
Qe7 16. Qe1 Bg5 17. Bb2 h5 18. Nh1 Ng4 19. Bc1 f5 20. f3 exf3 21. Rxf3 O-O 22.
g3 Re8 23. Nd1 Bf6 24. Qd2 Bg7 25. Nhf2 Nf8 26. Nh3 Ne6 27. Nf4 Ng5 28. Rf1 Kh7
29. Nxh5 gxh5 30. Bxf5+ Bxf5 31. Rxf5 Nh3+ 32. Kf1 Kg6 33. Rf3 Qe4 34. Rf4 Qh1+
35. Ke2 Nxf4+ 36. gxf4 Qxh2+ 37. Kd3 Qxd2+ 38. Bxd2 h4 39. Be1 h3 0-1

[Event "Faxe Dags EMT 2013"]
[Site "Faxe"]
[Date "2013.04.10"]
[Round "2"]
[White "Petersen, Bent"]
[Black "Sorensen, Lindved"]
[Result "1-0"]
[WhiteElo "1905"]
[BlackElo "1522"]
[PlyCount "115"]
[EventDate "2013.??.??"]

1. d4 Nf6 2. c4 c5 3. d5 e6 4. Nc3 exd5 5. cxd5 d6 6. Nf3 g6 7. e4 Bg7 8. Be2
O-O 9. O-O a6 10. a4 Re8 11. Nd2 Nfd7 12. a5 b5 13. axb6 Nxb6 14. Re1 Bb7 15.
Qb3 N8d7 16. Bf3 Bxc3 17. bxc3 Bxd5 18. c4 Bc6 19. Bb2 Rb8 20. Qc3 Ne5 21. Bd1
f6 22. Rxa6 Ra8 23. Rxa8 Qxa8 24. f4 Ned7 25. Bf3 Na4 26. Qc2 Nxb2 27. Qxb2 Qb7
28. Qc3 Qc7 29. Rd1 Qb7 30. Qd3 Qc7 31. Nf1 Re6 32. Ng3 Ba4 33. Rd2 Kf8 34. Bg4
f5 35. exf5 Rf6 36. Ne4 h5 37. Bf3 Rxf5 38. Ng5 Rf6 39. Nh7+ Kg7 40. Nxf6 Nxf6
41. Qxd6 Qxd6 42. Rxd6 Bb3 43. Rc6 Bxc4 44. Rxc5 Bd3 45. Rc7+ Kh6 46. Kf2 Bf5
47. Ra7 Ng8 48. Ke3 Nf6 49. Kd4 Ng4 50. Bxg4 Bxg4 51. Ke5 h4 52. Kf6 h3 53. g3
Bf5 54. Ra5 Bc2 55. Rc5 Bb1 56. g4 Be4 57. Rc8 Kh7 58. Kg5 1-0

[Event "Faxe Dags EMT 2013"]
[Site "Faxe"]
[Date "2013.04.10"]
[Round "2"]
[White "Hansen, Aage"]
[Black "Lindskov, Villy"]
[Result "0-1"]
[WhiteElo "1606"]
[BlackElo "1785"]
[PlyCount "70"]
[EventDate "2013.??.??"]

1. e4 c5 2. Nf3 Nc6 3. d4 cxd4 4. Nxd4 e5 5. Nb5 a6 6. Nd6+ Bxd6 7. Qxd6 Qf6 8.
Qc7 Nge7 9. Nc3 O-O 10. Bd3 Nb4 11. O-O d5 12. f4 Nxd3 13. cxd3 exf4 14. Bxf4
Qe6 15. Bd6 Re8 16. Bxe7 Rxe7 17. Qd8+ Re8 18. Qxd5 Qb6+ 19. Rf2 Be6 20. Qh5
Qd4 21. Qf3 Rad8 22. Rd1 b5 23. h3 b4 24. Ne2 Qxb2 25. d4 f6 26. Nf4 Qc3 27.
Rd3 Qc4 28. Qd1 Bf7 29. Rc2 Qb5 30. Rc5 Qb7 31. d5 Qb6 32. Qc2 Rc8 33. Ne6 Bxe6
34. dxe6 Rxc5 35. Qb3 Rc3+ 0-1

[Event "Faxe Dags EMT 2013"]
[Site "Faxe"]
[Date "2013.04.10"]
[Round "2"]
[White "Wehlast, Svend Erik"]
[Black "Andersen, Hans E"]
[Result "1/2-1/2"]
[WhiteElo "1498"]
[BlackElo "1417"]
[PlyCount "133"]
[EventDate "2013.??.??"]

1. d4 d5 2. Nf3 c6 3. Nc3 Nf6 4. h3 e6 5. e3 Bd6 6. Bd3 Nbd7 7. O-O c5 8. Nb5
Be7 9. c4 a6 10. Nc3 dxc4 11. Bxc4 b5 12. Bd3 c4 13. Be4 Nxe4 14. Nxe4 Bb7 15.
Ng3 Bd6 16. a3 Qf6 17. Nh5 Qg6 18. Nh4 Qg5 19. Qg4 Qxg4 20. hxg4 g6 21. Ng3
Bxg3 22. fxg3 g5 23. Nf3 h6 24. Bd2 a5 25. Bc3 O-O 26. Rad1 Nf6 27. Ne5 Ne4 28.
Nd7 Nxc3 29. Nf6+ Kg7 30. bxc3 Bc6 31. e4 Rad8 32. Rb1 Rb8 33. d5 exd5 34. exd5
Be8 35. Rbe1 b4 36. axb4 axb4 37. cxb4 Bb5 38. Nh5+ Kh8 39. Rf6 Kh7 40. Re7
Rbc8 41. Rfxf7+ Rxf7 42. Rxf7+ Kg8 43. Rf1 c3 44. Rc1 c2 45. Nf6+ Kg7 46. Ne4
Ba4 47. Nc5 Ra8 48. d6 Kf7 49. d7 Ke7 50. Re1+ Kd8 51. Re8+ Kc7 52. Rc8+ Rxc8
53. dxc8=Q+ Kxc8 54. Nd3 Kc7 55. Kf2 Kd6 56. Ke3 Kd5 57. Kd2 Kd4 58. Nc5 Bc6
59. Kxc2 Kc4 60. Na6 Bxg2 61. Kd2 Bf3 62. Ke3 Bxg4 63. Nc5 h5 64. Nd3 Bf5 65.
Ne5+ Kxb4 66. Nf3 g4 67. Nh4 1/2-1/2

[Event "Faxe Dags EMT 2013"]
[Site "Faxe"]
[Date "2013.04.10"]
[Round "2"]
[White "Jakobsen, Henning"]
[Black "Brinkhard, Anders"]
[Result "0-1"]
[WhiteElo "1295"]
[BlackElo "1518"]
[PlyCount "80"]
[EventDate "2013.??.??"]

1. d4 e6 2. c4 Nf6 3. Nc3 c6 4. Nf3 d5 5. Bf4 dxc4 6. a4 Nd5 7. Nxd5 exd5 8. e3
Bb4+ 9. Ke2 Bf5 10. Ne5 f6 11. f3 fxe5 12. Bxe5 O-O 13. g4 Bd3+ 14. Kf2 Bxf1
15. Qxf1 Nd7 16. Bg3 Qf6 17. Qe2 Bd6 18. Raf1 Bxg3+ 19. hxg3 Qg6 20. Ke1 Qb1+
21. Kf2 Qd3 22. g5 Qxe2+ 23. Kxe2 g6 24. f4 Rf7 25. Rf3 Re8 26. Kd2 a5 27. Kc3
b5 28. g4 b4+ 29. Kc2 Rfe7 30. Re1 b3+ 31. Kd2 Nb6 32. Ra1 Nc8 33. f5 Rf7 34.
f6 Nd6 35. Rh1 Ne4+ 36. Ke2 Nxg5 37. Rf4 Re4 38. Rhf1 Rxf4 39. Rxf4 Ne4 40. Ke1
Rxf6 0-1

[Event "Faxe Dags EMT 2013"]
[Site "Faxe"]
[Date "2013.04.10"]
[Round "2"]
[White "Toftvang, Ove"]
[Black "Hansen, Borge"]
[Result "0-1"]
[WhiteElo "1255"]
[BlackElo "1478"]
[PlyCount "122"]
[EventDate "2013.??.??"]

1. e4 c5 2. c4 e5 3. Nf3 d6 4. Be2 Be7 5. O-O Nf6 6. d3 O-O 7. Nc3 Nc6 8. h3
Bd7 9. Nh2 Ne8 10. Nd5 f5 11. f4 exf4 12. Nxf4 Nd4 13. Nd5 Nf6 14. Nc3 fxe4 15.
dxe4 a6 16. Bd3 Be8 17. Qe1 Bg6 18. Be3 Nc6 19. Nd5 Ne5 20. Nxf6+ Bxf6 21. Qd2
Qc7 22. Rab1 Rae8 23. Bf4 Nxd3 24. Qxd3 Bd4+ 25. Kh1 Bxe4 26. Qd1 Qc6 27. Rf3
Bxb1 28. Qxb1 Be5 29. g3 Bxf4 30. gxf4 Rxf4 31. Qd3 Ref8 32. Kg2 Rxf3 33. Nxf3
h6 34. Qd5+ Qxd5 35. cxd5 Rf5 36. b3 Rxd5 37. Kf2 b5 38. Ke2 a5 39. a3 b4 40.
axb4 cxb4 41. Nd2 Rh5 42. Nc4 Rxh3 43. Nxa5 Rc3 44. Nb7 d5 45. Na5 g5 46. Nb7
Rxb3 47. Nd6 h5 48. Nf5 Kf7 49. Nd4 Rb2+ 50. Kf3 Kf6 51. Kg3 h4+ 52. Kh3 Rd2
53. Nb5 b3 54. Kg4 b2 55. Nc3 Rc2 56. Nxd5+ Ke5 57. Ne3 b1=Q 58. Nxc2 Qxc2 59.
Kxg5 h3 60. Kh4 h2 61. Kg5 Qg2+ 0-1

[Event "Faxe Dags EMT 2013"]
[Site "Faxe"]
[Date "2013.04.10"]
[Round "2"]
[White "Christoffersen, Ib"]
[Black "Hansen, Arne Mandrup"]
[Result "1-0"]
[WhiteElo "1441"]
[BlackElo "1276"]
[PlyCount "121"]
[EventDate "2013.??.??"]

1. d4 Nf6 2. Nc3 g6 3. e4 d6 4. Bc4 Bg7 5. h3 Nbd7 6. Nf3 O-O 7. Be3 c5 8. Qd2
cxd4 9. Bxd4 Nc5 10. Qe3 b6 11. O-O-O Qc7 12. e5 Ne8 13. exd6 Nxd6 14. Bd5 Nf5
15. Qe2 Nxd4 16. Nxd4 Ba6 17. Qe3 Rad8 18. Rhe1 e6 19. Ndb5 Bxb5 20. Nxb5 Qe7
21. Bf3 a6 22. Nd4 Qf6 23. c3 Qe7 24. Nc6 Rxd1+ 25. Rxd1 Qc7 26. Qd2 a5 27. Kc2
a4 28. Qd6 Qxd6 29. Rxd6 Re8 30. Na7 Rb8 31. Nb5 Bf8 32. Rc6 Kg7 33. g4 Kg8 34.
Bg2 Bh6 35. h4 Bf8 36. f4 Bh6 37. f5 exf5 38. gxf5 Bf8 39. fxg6 hxg6 40. Bd5
Nd7 41. Rxg6+ Bg7 42. Nd6 Ne5 43. Rg5 Kf8 44. Rf5 f6 45. Ne4 Ke7 46. h5 Rf8 47.
Rf1 Nf7 48. Ng3 Nh6 49. Bc4 Rd8 50. Re1+ Kd7 51. Bb5+ Kc7 52. Re7+ Kd6 53. Rxg7
Kc5 54. Bxa4 Ra8 55. Bb3 b5 56. Ne4+ Kb6 57. Rg6 Rh8 58. Rxf6+ Ka5 59. Nc5 b4
60. Nb7+ Kb5 61. c4# 1-0

[Event "Faxe Dags EMT 2013"]
[Site "Faxe"]
[Date "2013.04.10"]
[Round "2"]
[White "Eriksen, Knud Ejler"]
[Black "Rasmussen, Frede"]
[Result "0-1"]
[WhiteElo "1203"]
[BlackElo "1441"]
[PlyCount "114"]
[EventDate "2013.??.??"]

1. d4 e6 2. e4 d6 3. Nf3 h6 4. c3 a6 5. Bd3 Bd7 6. Be3 g5 7. g4 Bg7 8. h3 Qe7
9. Nbd2 f6 10. Qc2 Kd8 11. O-O-O Be8 12. Kb1 h5 13. Nh2 Nd7 14. Rdf1 e5 15. d5
Nf8 16. f3 Ng6 17. Rfg1 hxg4 18. fxg4 Rxh3 19. Bf2 Bd7 20. Bf1 Rh7 21. Be2 Qf7
22. Rf1 N8e7 23. Bg3 Nf4 24. Bd1 Neg6 25. Qb3 b6 26. Nc4 Ke7 27. Ne3 Nd3 28.
Nf5+ Bxf5 29. gxf5 Ngf4 30. Qc2 Rah8 31. Bf3 Kd8 32. Rd1 Nc5 33. Bxf4 exf4 34.
Ng4 Nd7 35. Qe2 Nb8 36. Nf2 Qe8 37. Qf1 Kc8 38. Be2 Kb7 39. Rxh7 Rxh7 40. Bd3
Rh2 41. Ng4 Rh4 42. Qe2 Qh8 43. Rg1 Rh1 44. Qg2 Rxg1+ 45. Qxg1 Qh3 46. Nf2 Qg3
47. Qf1 f3 48. Nd1 g4 49. a4 Bh6 50. Ka2 Qf4 51. Bc4 Bg5 52. Nf2 Bh4 53. Nd3
Qxe4 54. Nb4 Ka7 55. Bxa6 Qe1 56. Nc6+ Ka8 57. Nxb8 Qxf1 0-1

[Event "Faxe Dags EMT 2013"]
[Site "Faxe"]
[Date "2013.04.10"]
[Round "2"]
[White "Nielsen, Flemming"]
[Black "Andersen, Hans Poul"]
[Result "1-0"]
[WhiteElo "1361"]
[BlackElo "1236"]
[PlyCount "63"]
[EventDate "2013.??.??"]

1. Nc3 a6 2. Nf3 d5 3. e4 dxe4 4. Nxe4 h6 5. Bc4 e6 6. O-O b5 7. Bb3 Nf6 8. Qe2
Bb7 9. d3 Nbd7 10. c4 Nxe4 11. dxe4 Bc6 12. Rd1 Qc8 13. Bf4 Be7 14. Rac1 Nc5
15. Bc2 b4 16. Ne5 Qb7 17. Qh5 O-O 18. Nxc6 Qxc6 19. e5 f5 20. exf6 Rxf6 21.
Be5 Raf8 22. Rd4 Rxf2 23. Rg4 Bg5 24. Rxg5 hxg5 25. Qh7+ Kf7 26. Kxf2 Ke8+ 27.
Kg1 Nd7 28. Bg6+ Kd8 29. Rd1 Qc5+ 30. Bd4 Qe7 31. Bxg7 Rf4 32. Qg8+ 1-0

[Event "Faxe Dags EMT 2013"]
[Site "Faxe"]
[Date "2013.04.17"]
[Round "3"]
[White "Jensen, Leif"]
[Black "Petersen, Bent"]
[Result "1-0"]
[WhiteElo "1984"]
[BlackElo "1905"]
[PlyCount "43"]
[EventDate "2013.??.??"]

1. e4 c5 2. g3 Nc6 3. Bg2 g6 4. d3 Bg7 5. c3 Nf6 6. f4 d6 7. Nf3 O-O 8. O-O Qc7
9. Na3 a6 10. Nc2 b5 11. Ne3 e6 12. g4 Bb7 13. f5 exf5 14. exf5 h6 15. g5 hxg5
16. Nxg5 Ne7 17. fxg6 Nxg6 18. Nf5 Bxg2 19. Kxg2 Rae8 20. Qf3 Re5 21. Kg1 Rfe8
22. Nxg7 1-0

[Event "Faxe Dags EMT 2013"]
[Site "Faxe"]
[Date "2013.04.17"]
[Round "3"]
[White "Christensen, Lars (1957)"]
[Black "Lindskov, Villy"]
[Result "0-1"]
[WhiteElo "1936"]
[BlackElo "1785"]
[PlyCount "69"]
[EventDate "2013.??.??"]

1. d4 Nf6 2. Nf3 d5 3. c3 c6 4. Nbd2 Nbd7 5. Qc2 e6 6. c4 Bd6 7. e4 dxe4 8.
Nxe4 Nxe4 9. Qxe4 Nf6 10. Qc2 Bb4+ 11. Bd2 Bxd2+ 12. Qxd2 O-O 13. Bd3 Qe7 14.
O-O c5 15. dxc5 Qxc5 16. b4 Qc7 17. Rfe1 h6 18. Ne5 Bd7 19. g4 Rad8 20. g5 hxg5
21. Qxg5 Bc8 22. Re3 Rxd3 23. Rxd3 Nh7 24. Qe3 b6 25. b5 f6 26. Nc6 e5 27. Rad1
Be6 28. f4 Qf7 29. fxe5 Bxc4 30. Rd7 Qg6+ 31. Kh1 Qg4 32. Rg1 Qxd7 33. Rc1 Bxb5
34. Nd4 fxe5 35. Ne2 0-1

[Event "Faxe Dags EMT 2013"]
[Site "Faxe"]
[Date "2013.04.17"]
[Round "3"]
[White "Strandsbjerg, Jens"]
[Black "Pedersen, Hans Dahl"]
[Result "0-1"]
[WhiteElo "1612"]
[BlackElo "2133"]
[PlyCount "98"]
[EventDate "2013.??.??"]

1. d4 d5 2. c4 c6 3. e3 a6 4. Nc3 Nf6 5. Nf3 e6 6. Bd3 Nbd7 7. O-O dxc4 8. Bxc4
b5 9. Bd3 Bb7 10. a3 c5 11. dxc5 Nxc5 12. Be2 Qb6 13. b4 Ncd7 14. Bb2 Be7 15.
Nd4 Rd8 16. Bf3 Ne5 17. Bxb7 Qxb7 18. Qc2 O-O 19. Rac1 Rc8 20. Qe2 Nc4 21. Rfd1
Rc7 22. Na2 Rfc8 23. Nf3 Nd7 24. h3 h6 25. Nd4 Bf6 26. Rc2 Ndb6 27. Qd3 Rd8 28.
Qe2 Na4 29. Bc1 Rcd7 30. Re1 Bxd4 31. exd4 Rxd4 32. Nc3 Nxc3 33. Rxc3 Qd5 34.
Rg3 Kf8 35. Qc2 Rd3 36. Rxd3 Qxd3 37. Qa2 Qc3 38. Rf1 Rd3 39. Qb1 Kg8 40. Qa2
Qb3 41. Qa1 Rd1 42. Rxd1 Qxd1+ 43. Kh2 Nd2 44. Qc3 Nf1+ 45. Kh1 Ng3+ 46. Kh2
Ne2 47. Qc8+ Kh7 48. h4 Qg1+ 49. Kh3 Qh1+ 0-1

[Event "Faxe Dags EMT 2013"]
[Site "Faxe"]
[Date "2013.04.17"]
[Round "3"]
[White "Andersen, Hans E"]
[Black "Andersen, Bjarne Hjorth"]
[Result "0-1"]
[WhiteElo "1417"]
[BlackElo "1950"]
[PlyCount "118"]
[EventDate "2013.??.??"]

1. e4 d5 2. Bd3 Nf6 3. exd5 Qxd5 4. Qf3 Qe5+ 5. Ne2 Nc6 6. h3 Be6 7. Nbc3 O-O-O
8. Qe3 Qxe3 9. fxe3 Nb4 10. Nf4 Rxd3 11. cxd3 Nc2+ 12. Kd1 Nxa1 13. Nxe6 fxe6
14. b3 g6 15. Bb2 Nxb3 16. axb3 Bh6 17. Ke2 Rf8 18. Nb5 a6 19. Nd4 Kd7 20. Rc1
Nd5 21. Nf3 Kc8 22. Be5 c6 23. Rc4 Nf6 24. g4 Nd7 25. Bd4 Rf7 26. Rc1 Kc7 27.
h4 Kd6 28. Rc4 b5 29. Rc1 e5 30. Bc3 Rf8 31. Bb4+ c5 32. Bc3 Bg7 33. Ng5 h6 34.
Ne4+ Kd5 35. b4 Rc8 36. bxc5 Rc6 37. Bb4 Nf6 38. Nc3+ Ke6 39. d4 exd4 40. exd4
Nd5 41. Nxd5 Kxd5 42. Kd3 Bxd4 43. Re1 e5 44. Rf1 e4+ 45. Ke2 Kc4 46. Ba5 Bxc5
47. Rf7 Bb6 48. Bxb6 Rxb6 49. Rh7 g5 50. hxg5 hxg5 51. Rg7 a5 52. Rxg5 a4 53.
Kd1 Kb3 54. Kc1 a3 55. Kb1 b4 56. Rf5 Rh6 57. Rf1 a2+ 58. Ka1 Ka3 59. g5 b3 0-1